Score 0/26 Timer 10:00
0 Plays Today
Hint Answer % Correct
A- Joey’s professionActor
99.6%
E- Joey's agentEstelle
93.4%
H- Joey's pickup lineHow you doin'?
91.3%
N- Joey’s character Dr. Drake Ramoray’s professionNeurosurgeon
83.1%
U- Joey creates a giant poking device out of chopsticks to make sure this neighbor is not deadUgly naked guy
83.1%
Q- Joey grew up hereQueens
81.8%
C- 'Look at me! I’m Chandler! Could I BE wearing anymore clothes? Maybe if I wasn’t going ____________'Commando
81.4%
O- Joey was able to stuff 15 of these cookies in his mouth (his personal best!)Oreos
77.3%
X- Chandler asks Joey what’s better, the girl from the _______ place butt naked (on one hand) or big tub of Jam (in the other hand), and Joey tells him to put his hands togetherXerox
76.4%
Z- Joey calls Ross the 'mayor of the friend _______' because he waited too long to ask Rachel out Zone
76%
Y- Charlie tells Joey she wants to see the MET and Joey says, 'Ok, let me stop you right there, the Mets suck. You wanna see the _________!'Yankees
72.7%
F- Joey's middle nameFrancis
72.3%
J- Joey briefly lived with (and dated) this Australian dancer Janine
70.7%
Hint Answer % Correct
S- Joey put this book in the freezer because he got scaredThe Shining
70.2%
L- Joey records a fake scene in his apartment to play for his grandmother (Nonnie) when his part on this show gets cutLaw and Order
61.2%
V- When Joey models for a health poster his entire family thinks he has ____ and does not allow him to come to dinnerVD
61.2%
B- Joey auditioned to be the host for this game showBamboozled
60.7%
P- Joey was a celebrity guest on this game showPyramid
60.7%
R- Joey's reclinerRosita
59.5%
M- Joey's imaginary friendMaurice
57.9%
K- Joey's aliasKen Adams
56.6%
G- Joey accidently threw this woman’s artificial leg in the fireGinger
56.2%
T- Joey cries every time someone talks about this movieTitanic
52.5%
W- Joey’s magical story he tells when he wants to have sex includes him backpacking across hereWestern Europe
49.2%
I- Joey did a commercial for this lipstick for menIchiban
46.3%
D- Joey goes by this nickname when pretending to be a waiter at Monica’s restaurantDragon
43.4%
Remove Ads.
Support Sporcle.
Get the best of Sporcle when you Go Orange. This ad-free experience offers more features, more stats, and more fun while also helping to support Sporcle. Thank you for becoming a member.

You're not logged in!

Compare scores with friends on all Sporcle quizzes.
OR
Log In

Show Comments

Extras

Created Dec 11, 2014ReportNominate
Tags:A-Z, Joey

Top Quizzes Today


Score Distribution

Your Account Isn't Verified!

In order to create a playlist on Sporcle, you need to verify the email address you used during registration. Go to your Sporcle Settings to finish the process.

Report this User

Report this user for behavior that violates our Community Guidelines.

Details: